000 00655nam a2200265Ia 4500
005 20260121170400.0
008 008 260114s9999 xx 000 0 eng d
020 _a9781137479013
037 _aEBOOK
040 _aCRL
040 _beng
040 _cCRL
041 _2eng
041 _aeng
084 _qCRL
100 _aIan Brittain, Aaron Beacom
_91063199
245 4 _aThe Palgrave Handbook of Paralympic Studies
260 _bSpringer
260 _bSpringer
260 _c2018
856 _uhttps://link.springer.com/openurl?genre=book&isbn=978-1-137-47901-3
942 _cEBOOK
999 _c1628928
_d1628928